Sikhism - Statistics

General Stats
  • This quiz has been taken 513 times
  • The average score is 14 of 27
Answer Stats
Hint Answer % Correct
Founder and First Guru Guru Nanak
92%
Country of Origin India
91%
Countries with most population India
91%
Place of Worship Gurdwara
82%
Region of origin Punjab
81%
Last (Tenth) Guru Guru Gobind Singh
79%
Living Guru Guru Granth Sahib
77%
United Kingdom
73%
Canada
72%
Holiest Shrine Harmandir Sahib
72%
United States
71%
Five Ks Kes
68%
Karha
67%
Kirpan
67%
Kangha
63%
Kachera
41%
Five Thieves Lust
33%
Greed
32%
Anger
28%
Ego
21%
Five Virtues Love
18%
Malaysia
18%
Attachment
16%
Compassion
12%
Truth
12%
Humility
9%
Contentment
7%
No matching quizzes found
Score Distribution
Percent of People with Each Score
Percentile by Number Answered
Your Score History
You have not taken this quiz